Страхование (Запись № 13200197)

Подробности
000 -МАРКЕР
контрольное поле 01614nam2a2200313 4500
001 - ИДЕНТИФИКАТОР ЗАПИСИ
контрольное поле RU\NLR\BIBL_A\012806743
005 - ИДЕНТИФИКАТОР ВЕРСИИ
контрольное поле 20250624164251.0
010 ## - МЕЖДУНАРОДНЫЙ СТАНДАРТНЫЙ НОМЕР КНИГИ (ISBN)
Номер (ISBN) 978-5-907452-14-5
Тираж 500
021 ## - НОМЕР ГОСУДАРСТВЕННОЙ РЕГИСТРАЦИИ
Код страны
035 ## - ДРУГИЕ СИСТЕМНЫЕ НОМЕРА
Идентификатор записи (RuMoRGB)010979358
035 ## - ДРУГИЕ СИСТЕМНЫЕ НОМЕРА
Идентификатор записи (NLR Aleph) 012806743
100 ## - ДАННЫЕ ОБЩЕЙ ОБРАБОТКИ
Данные общей обработки 20220601d2021 |||y0rusy50 ca
101 0# - ЯЗЫК РЕСУРСА
Язык текста, звукозаписи и т.д. русский
102 ## - СТРАНА ПУБЛИКАЦИИ ИЛИ ПРОИЗВОДСТВА
Страна публикации Российская Федерация
106 ## - ПОЛЕ КОДИРОВАННЫХ ДАННЫХ: ТЕКСТОВЫЕ РЕСУРСЫ – ФОРМА
Форма ресурса: кодированные данные: обозначение носителя s
135 ## - ПОЛЕ КОДИРОВАННЫХ ДАННЫХ: ЭЛЕКТРОННЫЕ РЕСУРСЫ
Кодированные данные для электронного ресурса aobgu||||||||
200 1# - ЗАГЛАВИЕ И СВЕДЕНИЯ ОБ ОТВЕТСТВЕННОСТИ
Основное заглавие Страхование
Первые сведения об ответственности Е. М. Кечайкина, Т. Е. Шилкина
210 ## - ПУБЛИКАЦИЯ, РАСПРОСТРАНЕНИЕ И ДР.
Дата издания, распространения и т.д. 2021
Место издания, распространения и т.д. Б. м.
215 ## - ФИЗИЧЕСКАЯ ХАРАКТЕРИСТИКА
Специфическое обозначение материала и объем 1 электрон. опт. диск (CD-ROM)
Другие сведения о физической характеристике цв.
461 #0 - УРОВЕНЬ НАБОРА
Встроенное поле 001RU\NLR\BIBL_A\012417501
-- 2001#$aПравоведение$bЭлектронный ресурс$eкурс лекций$eучебное пособие$eдля активизации познавательной деятельности студентов$fЕлена Михайловна Кечайкина$gСаранский кооперативный институт (филиал) АНОО ВО Центрсоюза РФ "Российский университет кооперации"$vЧ. 3
-- 700#1$aКечайкина$bЕ. М.$gЕлена Михайловна
606 1# - НАИМЕНОВАНИЕ ТЕМЫ КАК ПРЕДМЕТ
Наименование темы Страхование
Формальный подзаголовок Учебные издания
Тематический подзаголовок Правовые вопросы
Географический подзаголовок Российская Федерация
Системный номер авторитетной/нормативной записи 2066030
Идентификатор авторитетной/нормативной записи RU\NLR\AUTH\661240575
686 0# - ИНДЕКСЫ ДРУГИХ КЛАССИФИКАЦИЙ
Индекс Х623.212.1я7
701 #1 - ИМЯ ЛИЦА - АЛЬТЕРНАТИВНАЯ ОТВЕТСТВЕННОСТЬ
Начальный элемент ввода Шилкина
Часть имени, кроме начального элемента ввода Т. Е.
Расширение инициалов личного имени Татьяна Евгеньевна
942 ## - ДОПОЛНИТЕЛЬНЫЕ ЭЛЕМЕНТЫ ЗАПИСИ (АБИС)
Тип экземпляра АБИС Книга
980 ## - КОЛЛЕКЦИЯ
Название коллекции Национальная библиография
Экземпляры
Тип экземпляра Дата поступления Источник поступления Библиотека постоянного хранения Библиотека текущего хранения Место хранения Шифр хранения Штрих-код Статус экземпляра
CD-ROM 01.06.2022 Обязательный экземпляр Информрегистра РНБ (Московский) РНБ (Московский) Фонд электронных документов на локальных носителях информации (Фонд электронных ресурсов) CD 2020-2/2381 1-3782888